Quizzes
Events
Quiz Creation
Community
Videos
Private Events
Remove Ads
Sign In
Join for FREE
Feedback
Dark Mode
Quiz Categories
Sports
Geography
Music
Movies
Television
Just For Fun
Miscellaneous
History
Literature
Language
Science
Gaming
Entertainment
Religion
Holiday
For Kids
Quiz Lab
Recent
Popular Today
Quiz Kudos Today
Editor Picks
Curator Picks
Quizzes by...
Day
Popularity
Type
Ratings
Length
Year
Community
Subscriptions
Recent Discussions
Orange Saloon
Badges
Playlists
Quests
Create
Leaderboards
Showdown
Live 5
Trivia Bingo
Activity
Puzzle Library
Sporcle Events
Private Events
Virtual Trivia
Globe League
Become a Host
Pub Owners
SporcleCon
Opinionation
Our Games
Videos
Blog
Mobile Apps
Partnerships
Remove Ads and Go Orange
Feedback
Sports
Athletes
MLB
NBA
NHL
NFL
Soccer
Sports Teams
WWE
NCAA
Football
Premier League
Basketball
Baseball
Hockey
Golf
Tennis
Cricket
Rugby
Auto Racing
Olympics
World Cup
Sports
Athletes
MLB
NBA
NHL
NFL
Soccer
Sports Teams
WWE
NCAA
Football
Premier League
Basketball
Baseball
Hockey
Golf
Tennis
Cricket
Rugby
Auto Racing
Olympics
World Cup
Random Quiz
Search Sporcle
×
Quiz Lab
Quiz Lab
Sports
Halloween
Type in answers that appear in a list
Type in answers that appear in a list
Classic
Best Score? Go Orange.
WCW Halloween Havoc matches Stats
Can you name the WCW Halloween Havoc matches?
By
randyorko
20m
196 Questions
742 Plays
742 Plays
742 Plays
Comments
Comments
Give Quiz Kudos
Give Quiz Kudos
-
- Ratings
hide this ad
Replay
Link that replays current quiz
Next Quiz
Link to next quiz in quiz playlist
You Got
0%
They Got
Avg Score
79%
Avg Friend Score
Upgrade to see
Score Distribution
Jump to the score distribution portion of the page
Score
0/196
Timer
20:00
0
Plays Today
Halloween Havoc
Match
% Correct
1989 (Settling the Score)
Ric Flair
98.1%
1989 (Settling the Score)
Sting
98.1%
1990 (Terror Rules the Ring)
Ric Flair
98.1%
1990 (Terror Rules the Ring)
Sting
98.1%
1991 (Chamber of Horrors)
Sting
98.1%
1992 (Spin the Wheel, Make the Deal)
Sting
98.1%
1993 (Spin the Wheel, Make the Deal)
Sting
98.1%
1993 (Spin the Wheel, Make the Deal)
Ric Flair
98.1%
1994
Ric Flair
98.1%
1995
Sting
98.1%
1995
Ric Flair
98.1%
1997
Ric Flair
98.1%
1994
Hulk Hogan
96.8%
1995
Hulk Hogan
96.8%
1989 (Settling the Score)
Lex Luger
96.4%
1990 (Terror Rules the Ring)
Lex Luger
96.4%
1991 (Chamber of Horrors)
Lex Luger
96.4%
1995
Lex Luger
96.4%
1995
Lex Luger
96.4%
1996
Lex Luger
96.4%
1997
Lex Luger
96.4%
1996
Hollywood Hulk Hogan
96.1%
1997
Hollywood Hulk Hogan
96.1%
1990 (Terror Rules the Ring)
Arn Anderson
95.8%
1991 (Chamber of Horrors)
Diamond Studd
95.8%
1991 (Chamber of Horrors)
Arn Anderson
95.8%
1992 (Spin the Wheel, Make the Deal)
Arn Anderson
95.8%
1994
Arn Anderson
95.8%
1995
Arn Anderson
95.8%
1996
Arn Anderson
95.8%
1991 (Chamber of Horrors)
Oz
95.7%
1989 (Settling the Score)
Rick Steiner
95.4%
1989 (Settling the Score)
Scott Steiner
95.4%
1990 (Terror Rules the Ring)
Scott Steiner
95.4%
1990 (Terror Rules the Ring)
Rick Steiner
95.4%
1991 (Chamber of Horrors)
Scott Steiner
95.4%
1991 (Chamber of Horrors)
Rick Steiner
95.4%
1996
Kevin Nash
95%
1996
Scott Hall
94.7%
1997
Scott Hall
94.7%
1995
Randy Savage
94.1%
1995
Randy Savage
94.1%
1996
Randy Savage
94.1%
1997
Randy Savage
94.1%
1991 (Chamber of Horrors)
Vader
93.8%
1992 (Spin the Wheel, Make the Deal)
Vader
93.8%
1993 (Spin the Wheel, Make the Deal)
Vader
93.8%
1994
Vader
93.8%
1989 (Settling the Score)
Samoan Savage
92.9%
1996
Booker T
92.7%
1989 (Settling the Score)
Brian Pillman
92.3%
1991 (Chamber of Horrors)
Brian Pillman
92.3%
1992 (Spin the Wheel, Make the Deal)
Brian Pillman
92.3%
1995
Brian Pillman
92.3%
1996
Stevie Ray
92.3%
1991 (Chamber of Horrors)
Dustin Rhodes
92.2%
1992 (Spin the Wheel, Make the Deal)
Dustin Rhodes
92.2%
1993 (Spin the Wheel, Make the Deal)
Dustin Rhodes
92.2%
1994
Dustin Rhodes
92.2%
1995
Diamond Dallas Page
91.9%
1996
Diamond Dallas Page
91.9%
1997
Diamond Dallas Page
91.9%
1989 (Settling the Score)
Ron Simmons
91.8%
1990 (Terror Rules the Ring)
Ron Simmons
91.8%
1991 (Chamber of Horrors)
Ron Simmons
91.1%
1992 (Spin the Wheel, Make the Deal)
Ron Simmons
91.1%
Halloween Havoc
Match
% Correct
1991 (Chamber of Horrors)
Steve Austin
90.8%
1992 (Spin the Wheel, Make the Deal)
Steve Austin
90.8%
1993 (Spin the Wheel, Make the Deal)
Steve Austin
90.8%
1994
Steve Austin
90.8%
1991 (Chamber of Horrors)
Cactus Jack
90.7%
1993 (Spin the Wheel, Make the Deal)
Booker T
90.7%
1993 (Spin the Wheel, Make the Deal)
Cactus Jack
90.7%
1991 (Chamber of Horrors)
Halloween Phantom
89.8%
1992 (Spin the Wheel, Make the Deal)
Rick Rude
89.8%
1993 (Spin the Wheel, Make the Deal)
Stevie Ray
89.8%
1993 (Spin the Wheel, Make the Deal)
Rick Rude
89.8%
1997
Eddie Guerrero
89.5%
1996
Eddie Guerrero
89.4%
1992 (Spin the Wheel, Make the Deal)
Barry Windham
88.9%
1996
Dean Malenko
88.3%
1996
Chris Benoit
88.3%
1992 (Spin the Wheel, Make the Deal)
Ricky Steamboat
88.1%
1993 (Spin the Wheel, Make the Deal)
Ricky Steamboat
88.1%
1995
The Giant
88.1%
1996
The Giant
88.1%
1989 (Settling the Score)
Michael Hayes
87.7%
1996
Rey Mysterio Jr
87.7%
1997
Rey Mysterio Jr
87.7%
1990 (Terror Rules the Ring)
Michael Hayes
86.9%
1992 (Spin the Wheel, Make the Deal)
Michael Hayes
86.9%
1990 (Terror Rules the Ring)
Bobby Eaton
86.3%
1991 (Chamber of Horrors)
Bobby Eaton
85.8%
1992 (Spin the Wheel, Make the Deal)
Bobby Eaton
85.8%
1989 (Settling the Score)
Bobby Eaton
85.7%
1990 (Terror Rules the Ring)
Brian Knobbs
85.7%
1993 (Spin the Wheel, Make the Deal)
Brian Knobbs
85.7%
1993 (Spin the Wheel, Make the Deal)
Jerry Sags
85.7%
1994
Brian Knobbs
85.7%
1994
Jerry Sags
85.7%
1991 (Chamber of Horrors)
Abdullah the Butcher
85.4%
1989 (Settling the Score)
Butch Reed
85.2%
1990 (Terror Rules the Ring)
Jerrry Sags
85.2%
1990 (Terror Rules the Ring)
Butch Reed
85.2%
1995
Road Warrior Hawk
84.8%
1989 (Settling the Score)
Hawk
84.6%
1989 (Settling the Score)
Sid Vicious
84.5%
1990 (Terror Rules the Ring)
Sid Vicious
84.4%
1993 (Spin the Wheel, Make the Deal)
Sid Vicious
84.4%
1997
Roddy Piper
84.2%
1993 (Spin the Wheel, Make the Deal)
Marcus Bagwell
84.1%
1994
Marcus Bagwell
84.1%
1992 (Spin the Wheel, Make the Deal)
Jake Roberts
83.8%
1989 (Settling the Score)
Animal
83.6%
1989 (Settling the Score)
Jimmy Garvin
82.6%
1990 (Terror Rules the Ring)
Jimmy Garvin
82.6%
1989 (Settling the Score)
Terry Funk
82.5%
1994
Terry Funk
82.5%
1989 (Settling the Score)
Great Muta
81.9%
1996
Chris Jericho
81.7%
1997
Chris Jericho
81.7%
1992 (Spin the Wheel, Make the Deal)
The Barbarian
81.3%
1995
Meng
81.3%
1996
Meng
81.3%
1996
Barbarian
81.3%
1994
Kevin Sullivan
80.7%
1991 (Chamber of Horrors)
Jimmy Garvin
80.6%
1994
Dave Sullivan
80.1%
1990 (Terror Rules the Ring)
Stan Lane
79.4%
1991 (Chamber of Horrors)
Johnny B Badd
78.8%
1994
Johnny B Badd
78.8%
1995
Johnny B Badd
78.8%
Halloween Havoc
Match
% Correct
1989 (Settling the Score)
Stan Lane
77.6%
1991 (Chamber of Horrors)
Tom Zenk
76.8%
1992 (Spin the Wheel, Make the Deal)
Tom Zenk
76.8%
1990 (Terror Rules the Ring)
Ricky Morton
76.5%
1994
Paul Roma
76.4%
1991 (Chamber of Horrors)
Richard Morton
76.3%
1996
Steve McMichael
76%
1997
Steve McMichael
76%
1989 (Settling the Score)
Steve Williams
75.5%
1992 (Spin the Wheel, Make the Deal)
Steve Williams
75.5%
1994
Paul Orndorff
74.4%
1993 (Spin the Wheel, Make the Deal)
Paul Orndorff
74.3%
1994
Jim Duggan
74%
1991 (Chamber of Horrors)
Larry Zbyszko
72.8%
1989 (Settling the Score)
Tom Zenk
72.2%
1996
Jeff Jarrett
71.2%
1989 (Settling the Score)
Fatu
70.9%
1997
Disco Inferno
70.9%
1997
Curt Hennig
70.9%
1991 (Chamber of Horrors)
El Gigante
70.8%
1994
The Patriot
69%
1993 (Spin the Wheel, Make the Deal)
2 Cold Scorpio
68.5%
1997
Alex Wright
68.2%
1989 (Settling the Score)
Samu
67.9%
1992 (Spin the Wheel, Make the Deal)
Nikita Koloff
67.1%
1989 (Settling the Score)
Shane Douglas
67%
1989 (Settling the Score)
Danny Spivey
66.4%
1992 (Spin the Wheel, Make the Deal)
Shane Douglas
66.4%
1992 (Spin the Wheel, Make the Deal)
Masahiro Chono
65.1%
1994
Bunkhouse Buck
64.6%
1991 (Chamber of Horrors)
Terrance Taylor
62%
1996
Syxx
61.7%
1990 (Terror Rules the Ring)
Stan Hansen
61.3%
1991 (Chamber of Horrors)
Johnny Rich
60.1%
1989 (Settling the Score)
Tommy Rich
59.6%
1990 (Terror Rules the Ring)
Tommy Rich
59.6%
1989 (Settling the Score)
Mike Rotunda
59.2%
1997
Ultimo Dragon
59%
1989 (Settling the Score)
Johnny Ace
56.3%
1997
Jacqueline
55.8%
1993 (Spin the Wheel, Make the Deal)
Shockmaster
54.6%
1995
The Zodiac
52.8%
1994
Honkytonk Man
52.3%
1994
Guardian Angel
50%
1991 (Chamber of Horrors)
Big Josh
43.9%
1991 (Chamber of Horrors)
Van Hammer
43%
1991 (Chamber of Horrors)
PN News
42.6%
1993 (Spin the Wheel, Make the Deal)
Ice Train
42.2%
1991 (Chamber of Horrors)
Todd Champion
41.5%
1991 (Chamber of Horrors)
Chip Firebreaker
41%
1992 (Spin the Wheel, Make the Deal)
Johnny Gunn
40.8%
1993 (Spin the Wheel, Make the Deal)
Charlie Norris
38.8%
1995
Sabu
35.3%
1997
Gedo
35.3%
1993 (Spin the Wheel, Make the Deal)
The Equalizer
34.8%
1995
Kurasawa
34.4%
1995
Mr JL
34.1%
1990 (Terror Rules the Ring)
Chris Youngblood
32.7%
1990 (Terror Rules the Ring)
Mark Youngblood
32.7%
1997
Yuji Nagata
29.9%
1991 (Chamber of Horrors)
Joey Maggs
29.2%
1989 (Settling the Score)
Cuban Assassin
24.3%
1991 (Chamber of Horrors)
Doug Sommers
14.8%
1991 (Chamber of Horrors)
Bill Kazmeier
14.2%
Quiz Playlist
Details
Report
Send in Message
Add To Playlist
Classic:
Type in answers that appear in a list
Last Updated: Feb 16, 2017
Quiz Scoreboard
CHALLENGE
Sign Up to Join the Scoreboard
Show All
Scores
Hide
Comments
May contain spoilers
Recently Published
Movies - When Are They Set?
by FPL_Elf
Movies
5m
Popular People in 1961
by mucciniale
History
6m
1-10 Letter E Words III
by El_Dandy
Language
2m
More to Explore
Quiz From the Vault
Featured Blog Post
Where Did the Easter Bunny Come From?
hide this ad
You Might Also Like...
Tags
Halloween Quiz
Havoc
Matching
WCW
Today's Top Quizzes in Sports
Browse Sports
hide this ad
Today's Top Quizzes in Halloween
Browse Halloween
Top Contributed Quizzes in Sports
1
Les meilleurs buteurs des matchs entre le PSG et l’OM
2
FIFA Club World Cup Champions
3
Les entraîneurs de l'OM et du PSG au 21e siècle
4
2022 World Cup Stars
5
Name the Premier League winners with different clubs
6
La finale Lions - Afrique du Sud 2021
7
Criteria MLB: Left Handed Sluggers
8
Les joueurs passés par le LOSC et le RC Lens
9
Players with Multiple 50 Home Run Seasons
10
MLB Players with Two .350 Batting Average Seasons
Explore More
Trending Topics
Harry Potter
NBA
Marvel
Kpop
Disney
Anime
Crossword
Song
The Office
Pokémon
WWE
Puzzle
Soccer
NFL
Country
hide this ad
More By:
randyorko
Quiz
Plays
Rating
Category
Featured
Created
Can you Name Kane's PPV Opponents
3,466
2.33
Sports
Nov 16, 2009
Can You Name Kevin Nash's PPV Opponents
2,935
2.70
Sports
Nov 18, 2009
Big Show's PPV Opponents
2,354
2.17
Sports
Nov 17, 2009
Can You Name Mick Foley's PPV Opponents
1,928
2.00
Sports
Nov 17, 2009
Everone in Wrestlemanias 13-X7
1,010
2.17
Sports
Apr 4, 2010
Go to Creator's Profile
Score Distribution
Quiz Creator Spotlight
randyorko
Follow
Send a Message
Quizzes Created
-
Created Quiz Play Count
-
More By This Creator
Popular Quizzes Today
1
Find the Countries of Europe - No Outlines Minefield
2
Find the US States - No Outlines Minefield
3
The Countries of the World
4
Popular People in 1961
5
US States
6
1-10 Letter E Words III
7
Find the US States
8
One Thing in Common: World Cities II
More Sports Quizzes
Last XI: Ruud van Nistelrooy
Quiz Lab
Trending Quizzes
Risky Map Clicking: Least Populous States A-Z
1-10 Letter F Words
Humor Books: The Subtitles
1-10 Letter G Words
One Thing in Common: United Kingdom
Recently Updated
Leaping Animals
pecheneg
Reality TV Shows (A-Z)
bhenderson79
Rickey Henderson's Hall of Fame Teammates
pecheneg
Champions League XIs: Arsenal
pecheneg
Quick Pick: Celebrities in WWE's Hall of Fame
aduchscher
A-Z Keypad Blitz II
pecheneg
Multiple Oscar Actors
pecheneg
Mystery Phrase Blitz: Oscar 'Best Actors'
pecheneg
F. Scott Fitzgerald Novels
LTH
Pick 3 Villains
ddd62291
Trending Topics
Disney
Anime
Crossword
Marvel
Kpop
Harry Potter
NBA
WWE
The Office
Pokémon
Puzzle
NFL
Song
Country
Soccer
Your Account Isn't Verified!
In order to create a playlist on Sporcle, you need to verify the email address you used during registration. Go to your
Sporcle Settings
to finish the process.
Report this User
Report this user for behavior that violates our
Community Guidelines
.
Details:
Send Report
Go to the Sporcle.com Mobile Site →
Comments